[Event "Cappelle Online Blitz op 1st"]
[Site "Europe Echecs INT"]
[Date "2021.01.10"]
[Round "3"]
[White "Denis, Monique"]
[Black "Pigeat, Benoit"]
[Result "1-0"]
[WhiteElo "1442"]
[BlackElo "1873"]
[PlyCount "83"]
[EventDate "2021.01.10"]
[EventType "swiss (blitz)"]
[EventRounds "11"]
[EventCountry "FRA"]
[SourceTitle "CBM 200 Extra"]
[Source "ChessBase"]
[SourceDate "2021.03.31"]
[SourceVersion "1"]
[SourceVersionDate "2021.03.31"]
[SourceQuality "1"]

1. e4 e6 2. Nf3 c5 3. c4 Nc6 4. d3 d6 5. Nc3 Nf6 6. h3 Be7 7. Be2 a6 8. 0-0 Nd4 9. Nh2 e5 10. Kh1 Be6 11. Be3 Qd7 12. f4 exf4 13. Bxf4 0-0 14. e5 dxe5 15. Bxe5 Rfe8 16. Bxf6 Bxf6 17. Ne4 Be5 18. Nf3 Nxf3 19. Bxf3 Bd4 20. Nc3 Bxc3 21. bxc3 Rad8 22. Be2 g6 23. Rf3 Re7 24. Qd2 Bxc4 25. Qg5 Bd5 26. Re3 Rxe3 27. Qxe3 Re8 28. Qf2 Qe6 29. Re1 c4 30. d4 b5 31. Kh2 f5 32. Qg3 Qc6 33. Qf2 Qd6+ 34. g3 Re4 35. Rf1 Re6 36. Bf3 Bxf3 37. Qxf3 Re4 38. Rf2 Kg7 39. Kg2 Re7 40. g4 fxg4 41. hxg4 Qe6 42. Qf8# 1-0

[Event "Cappelle Online Blitz op 1st"]
[Site "Europe Echecs INT"]
[Date "2021.01.10"]
[Round "4"]
[White "Pigeat, Benoit"]
[Black "Mathiot, Jean Marc"]
[Result "0-1"]
[WhiteElo "1873"]
[BlackElo "1565"]
[PlyCount "54"]
[EventDate "2021.01.10"]
[EventType "swiss (blitz)"]
[EventRounds "11"]
[EventCountry "FRA"]
[SourceTitle "CBM 200 Extra"]
[Source "ChessBase"]
[SourceDate "2021.03.31"]
[SourceVersion "1"]
[SourceVersionDate "2021.03.31"]
[SourceQuality "1"]

1. e4 c5 2. Nf3 d6 3. d4 cxd4 4. Nxd4 Nf6 5. Nc3 a6 6. Bc4 e6 7. f3 Be7 8. Be3 0-0 9. Qd2 Nc6 10. 0-0-0 Nxd4 11. Bxd4 b5 12. Bb3 Bd7 13. g4 a5 14. a4 b4 15. Nb5 Bxb5 16. axb5 a4 17. Bc4 a3 18. bxa3 bxa3 19. Kb1 a2+ 20. Ka1 d5 21. exd5 Nxd5 22. Bb2 Bf6 23. Bxd5 Bxb2+ 24. Kxb2 Qf6+ 25. Qd4 a1Q+ 26. Rxa1 Qxd4+ 27. c3 Qxd5 0-1

[Event "FRA-ch Blitz Online Qual"]
[Site "Europe Echecs INT"]
[Date "2020.05.16"]
[Round "2"]
[White "Choukri, Adel"]
[Black "Pigeat, Benoit"]
[Result "1-0"]
[WhiteElo "2311"]
[BlackElo "1873"]
[PlyCount "39"]
[EventDate "2020.05.16"]
[EventType "swiss (blitz)"]
[EventRounds "15"]
[EventCountry "FRA"]
[SourceTitle "CBM 196 Extra"]
[Source "ChessBase"]
[SourceDate "2020.07.31"]
[SourceVersion "1"]
[SourceVersionDate "2020.07.31"]
[SourceQuality "1"]

1. e4 e6 2. d4 d5 3. Nc3 Bb4 4. e5 c5 5. a3 cxd4 6. axb4 dxc3 7. bxc3 Ne7 8. Nf3 Qc7 9. Bd3 Ng6 10. 0-0 Nc6 11. Re1 Bd7 12. b5 Nce7 13. Ba3 Qxc3 14. Bd6 Qc8 15. Qd2 b6 16. Nd4 Qb7 17. h4 Nxh4 18. Bxe7 Kxe7 19. Qg5+ f6 20. Qxg7+ 1-0

[Event "FRA-ch Blitz Online Qual"]
[Site "Europe Echecs INT"]
[Date "2020.05.16"]
[Round "13"]
[White "Pigeat, Benoit"]
[Black "Hucault, Christophe"]
[Result "1-0"]
[WhiteElo "1873"]
[BlackElo "1612"]
[PlyCount "37"]
[EventDate "2020.05.16"]
[EventType "swiss (blitz)"]
[EventRounds "15"]
[EventCountry "FRA"]
[SourceTitle "CBM 196 Extra"]
[Source "ChessBase"]
[SourceDate "2020.07.31"]
[SourceVersion "1"]
[SourceVersionDate "2020.07.31"]
[SourceQuality "1"]

1. e4 c5 2. c3 e6 3. d4 cxd4 4. cxd4 Nf6 5. Nc3 Bb4 6. f3 d5 7. e5 Nfd7 8. Be3 f6 9. f4 Qa5 10. Qd2 0-0 11. Nf3 fxe5 12. fxe5 Nc6 13. Bd3 Ne7 14. 0-0 Nf5 15. Ng5 Nb6 16. Bxf5 Rxf5 17. Qd3 Rxf1+ 18. Rxf1 Bd7 19. Qxh7# 1-0

[Event "FRA-ch Blitz Online Qual"]
[Site "Europe Echecs INT"]
[Date "2020.05.16"]
[Round "1"]
[White "Pigeat, Benoit"]
[Black "Leonardy, Baptiste"]
[Result "1-0"]
[WhiteElo "1873"]
[BlackElo "1177"]
[PlyCount "43"]
[EventDate "2020.05.16"]
[EventType "swiss (blitz)"]
[EventRounds "15"]
[EventCountry "FRA"]
[SourceTitle "CBM 196 Extra"]
[Source "ChessBase"]
[SourceDate "2020.07.31"]
[SourceVersion "1"]
[SourceVersionDate "2020.07.31"]
[SourceQuality "1"]

1. e4 c5 2. Nf3 d6 3. d4 cxd4 4. Nxd4 Nf6 5. Nc3 a6 6. Bc4 e6 7. f3 Be7 8. Be3 0-0 9. Qd2 b5 10. Bb3 Nbd7 11. 0-0 Bb7 12. Rfd1 Nc5 13. a4 Nxb3 14. Nxb3 b4 15. Ne2 a5 16. Ned4 Rc8 17. Nb5 Bc6 18. Nxd6 Bxd6 19. Qxd6 Qe8 20. Bc5 Nd7 21. Rd2 Bb7 22. Qxd7 1-0

[Event "FRA-ch Blitz Online Qual"]
[Site "Europe Echecs INT"]
[Date "2020.05.16"]
[Round "3"]
[White "Pigeat, Benoit"]
[Black "Sureau, Corentin"]
[Result "1-0"]
[WhiteElo "1873"]
[BlackElo "1686"]
[PlyCount "77"]
[EventDate "2020.05.16"]
[EventType "swiss (blitz)"]
[EventRounds "15"]
[EventCountry "FRA"]
[SourceTitle "CBM 196 Extra"]
[Source "ChessBase"]
[SourceDate "2020.07.31"]
[SourceVersion "1"]
[SourceVersionDate "2020.07.31"]
[SourceQuality "1"]

1. e4 c5 2. Nf3 Nc6 3. d4 cxd4 4. Nxd4 e5 5. Nb3 Nf6 6. f3 d5 7. exd5 Nxd5 8. c4 Bb4+ 9. Bd2 Nf6 10. Nc3 0-0 11. Be2 Nd4 12. 0-0 Bf5 13. Rc1 Re8 14. Be3 Nxe2+ 15. Nxe2 Qc7 16. Nc3 a5 17. Nb5 Qc6 18. a3 Rad8 19. Qe2 Bd3 20. Qf2 Bxf1 21. Qxf1 Bf8 22. Nxa5 Qa6 23. b4 b6 24. Nc6 Rd7 25. Qf2 Rc8 26. Nxe5 Re7 27. f4 Ne4 28. Qf3 f5 29. g4 g6 30. gxf5 gxf5 31. Kh1 Rg7 32. Nd4 Re8 33. Nxf5 Ng5 34. fxg5 Rxe5 35. Nxg7 Bxg7 36. Bd4 Re7 37. Qd5+ Kh8 38. Qd8+ Re8 39. Qxe8# 1-0

[Event "Liffre op 1st"]
[Site "Liffre"]
[Date "2015.10.18"]
[Round "2"]
[White "Guezennec, Franck"]
[Black "Pigeat, Benoit"]
[Result "1-0"]
[WhiteElo "2259"]
[BlackElo "1809"]
[PlyCount "85"]
[EventDate "2015.10.17"]
[EventType "swiss"]
[EventRounds "9"]
[EventCountry "FRA"]
[SourceTitle "EXT 2019"]
[Source "ChessBase"]
[SourceDate "2018.10.10"]
[SourceVersion "1"]
[SourceVersionDate "2018.10.10"]
[SourceQuality "1"]

1. e4 e6 2. d4 d5 3. Nc3 Bb4 4. e5 c5 5. Bd2 cxd4 6. Nb5 Bxd2+ 7. Qxd2 Nc6 8. Nf3 a6 9. Nbxd4 Nge7 10. c3 Bd7 11. Bd3 Qc7 12. Nxc6 Bxc6 13. 0-0 Ng6 14. Rfe1 0-0 15. h4 Rfd8 16. h5 Nf8 17. Nd4 Qe7 18. Re3 g6 19. Rg3 Be8 20. Qh6 Rac8 21. f4 f5 22. exf6 Qxf6 23. hxg6 hxg6 24. Re1 Rd6 25. Re5 Rc7 26. Qg5 Qg7 27. Qg4 Re7 28. Qe2 Nd7 29. Nf5 exf5 30. Rxe7 Bf7 31. Bxf5 Nf8 32. Rxb7 d4 33. Bc2 Qf6 34. f5 dxc3 35. bxc3 g5 36. Qe7 Nh7 37. Bb3 Qxe7 38. Rxe7 Rf6 39. Rxf7 Rxf7 40. Rd3 Kg7 41. Bxf7 Kxf7 42. Rd7+ Kg8 43. Rd6 1-0